No bunker de Hitler (Record no. 46257)

MARC details
000 -Etiqueta do registo
Valores 00911nam a2200277 4500
010 ## - Número ISBN
ISBN 9789723011937
021 ## - Número do Depósito Legal
Número 257237/07
100 ## - Dados gerais de processamento
Dados gerais 20081222d2006 m y0pory5003 ba
101 1# - Língua de publicação
Língua por
102 ## - País de publicação
País PT
200 1# - Titulo e menção de responsabilidade
Título próprio No bunker de Hitler
Informação de outro título 23 de Julho de 1944 - 29 de Abril de 1945
Primeira menção de responsabilidade Bernd Freytag von Loringhoven, Francois d' Alançon
Outras menções de responsabilidade trad. Ana Rita Pereira
210 #9 - Publicação
Local de publicação Lisboa
Nome do editor Paulus,
Data de publicação cop. 2006
215 ## - Descrição física 
Paginação / Volumes 150, [1] p.
Outras indicações físicas il.
Dimensões 23 cm
225 2# - Colecção 
Título próprio da colecção Actualidade
304 ## - Nota relativa ao título
Texto de nota Tít. orig.: Dans le bunker de Hitler
675 ## - CDU
Notação 94(100)"1939/1945"
Edição BN
Língua por
675 ## - CDU
Notação 32Hitler, Adolf
Edição BN
Língua por
675 ## - CDU
Notação 355.1Loringhoven, Bernd Freytag von
Edição BN
Língua por
675 ## - CDU
Notação 821.112.2-94"20"
Edição BN
Língua por
700 #1 - Autor principal
Apelido Loringhoven,
Nome Bernd Freytag von
701 #1 - Autor co-responsavel
Apelido Alan—con,
Nome Fran—cois d'
Função 070
702 #1 - Autor secundário
Apelido Pereira,
Nome Ana Rita
Função 730
801 #0 - Fonte de origem
País PT
Agência BN
Regras de catalogação RPC
990 ## - Elementos KOHA
Tipo de documento Livro
Holdings
Aquisição Empréstimo Código de barras Cota Permissão de empréstimo Tipo de documento Nota relativa ao exemplar
Biblioteca Municipal de Redondo Biblioteca Municipal de Redondo 057356 94(100) LOR   Livro oferta de Franklim Amaro Cabreirinha

Powered by Koha